000
00316nam a2200121Ia 4500
005
20251222143242.0
008
251222s9999||||xx |||||||||||||| ||spa||
082
_a
620/K82/Ej.2
100
_a
Krick, E. V.
245
0
_a
Introducción a la Ingeniería y al Diseño en la Ingeniería
264
_b
Limusa
942
_c
LIB
999
_c
14602
_d
14602